000 00651nam a22001937a 4500
003 koha_MIRAKIL
005 20250108144912.0
008 250108b |||||||| |||| 00| 0 ||| d
020 _a9789752122963
040 _aTR-IsEVY
_btur
_cTR-IsEVY
082 _a611.8 COL//S
100 _aCole, Joanna
245 0 _aSihirli okul otobüsü :
_bDuyuları araştırıyor /
_cJoanna Cole ; resimleyen Bruce Degen.
260 _aİstanbul :
_bAltın Kitaplar,
_c2018.
300 _a48 s. :
_brenkli resimli ;
_c21X24 cm.
650 _aİnsan Vücudu.
_vDuyular.
_vDuyu Organları.
_vÇocuk Edebiyatı.
700 1 _aDegen, Bruce.
_cresimleyen.
942 _2ddc
_cBK
999 _c21345
_d21345